Urban land economics : principles and policy

Bibliographic Details
Main Author: Hallett, Graham (Author)
Format: Book
Language:English
Published: London : The Macmillan Press Ltd 1979
Subjects:

MARC

LEADER 00000cam a2200000 7i4500
001 0000007616
005 20241004.0
008 240503 enka eng
020 |a 0333261836 (hardback) 
040 |a INS   |b eng   |e rda 
090 0 0 |a HD111   |b .H33 1979 
100 1 |a Hallett, Graham ,   |e author 
245 1 0 |a Urban land economics :   |b principles and policy   |c Graham Hallett 
264 1 |a London :   |b The Macmillan Press Ltd   |c 1979 
300 |a xv, 274 pagse :   |b illustrations ;   |c 23 cm. 
336 |a text  |2 rdacontent 
337 |a unmediated  |2 rdamedia 
338 |a volume  |2 rdacarrier 
504 |a Includes bibliographical references and index 
650 0 |a City planning   |z Netherlands 
650 0 |a Land use, Urban 
650 0 |a Urban economics 
999 |a 0000022034   |b BOOK   |c Open Shelf   |e Default branch 
999 |a 0000022267   |b BOOK   |c Open Shelf   |e Default branch